Blondel y Teilhard de Chardin / (Record no. 34359)

MARC details
000 -LEADER
campo de control de longitud fija 00725nam a2200205 i 4500
001 - NÚMERO DE CONTROL
campo de control 34359
003 - IDENTIFICADOR DE NÚMERO DE CONTROL
campo de control ES-MaACL
005 - FECHA Y HORA DE LA ÚLTIMA TRANSACCIÓN
campo de control 20251108165304.0
007 - CAMPO FIJO DE DESCRIPCIÓN FÍSICA--INFORMACIÓN GENERAL
campo de control de longitud fija t|
008 - DATOS DE LONGITUD FIJA--INFORMACIÓN GENERAL
campo de control de longitud fija 030204s1968 sp ||||1| spa d
100 1# - ENTRADA PRINCIPAL--NOMBRE DE PERSONA
Nombre de persona Blondel, Maurice,
Fechas asociadas al nombre 1861-1949
9 (RLIN) 29548
245 10 - MENCIÓN DEL TÍTULO
Título Blondel y Teilhard de Chardin /
Mención de responsabilidad, etc. Maurice Blondel ; correspondencia comentada por Henri de Lubac ; [traducción de Ricardo V. Feliú].
260 ## - PUBLICACIÓN, DISTRIBUCIÓN, ETC.
Lugar de publicación, distribución, etc. Zaragoza :
Nombre del editor, distribuidor, etc. Hechos y Dichos,
Fecha de publicación, distribución, etc. [1968]
300 ## - DESCRIPCIÓN FÍSICA
Extensión 205 p. ;
Dimensiones 18 cm.
700 1# - ENTRADA AGREGADA--NOMBRE PERSONAL
Nombre de persona Lubac, Henri de,
Fechas asociadas al nombre 1896-1991
9 (RLIN) 74490
700 1# - ENTRADA AGREGADA--NOMBRE PERSONAL
Nombre de persona Feliú, Ricardo V.
9 (RLIN) 49194
700 1# - ENTRADA AGREGADA--NOMBRE PERSONAL
Nombre de persona Teilhard de Chardin, Pierre,
Fechas asociadas al nombre 1881-1955
9 (RLIN) 109521
852 ## - LOCALIZACIÓN
Ubicación ES-MaACL
Número de control de estantería B-8535
Sublocalización o colección R.66364
Holdings
Estatus retirado Estado de pérdida Estado de daño No para préstamo Biblioteca de origen Biblioteca actual Ubicación en estantería Fecha de adquisición Fuente de adquisición Total de préstamos Signatura topográfica completa Código de barras Visto por última vez Precio de reemplazo Tipo de ítem Koha
        Biblioteca del Ateneo de Madrid Biblioteca del Ateneo de Madrid Sala Pardo Bazán 17/01/2008     B-8535 1035836 23/02/2023 23/02/2023 Libro impreso